[Event "Fortaleza Schoonenborch 7th"]
[Site "Fortaleza"]
[Date "2020.02.07"]
[Round "2"]
[White "Da Costa, Roberto Rodrigues G"]
[Black "De Aguiar, Andre Wescley"]
[Result "1/2-1/2"]
[WhiteElo "1875"]
[BlackElo "1517"]
[PlyCount "65"]
[EventDate "2020.02.06"]
[EventType "swiss"]
[EventRounds "6"]
[EventCountry "BRA"]
[SourceTitle "CBM 195 Extra"]
[Source "ChessBase"]
[SourceDate "2020.05.31"]
[SourceVersion "1"]
[SourceVersionDate "2020.05.31"]
[SourceQuality "1"]

1. e4 c5 2. Nf3 Nc6 3. d4 cxd4 4. Nxd4 Nf6 5. Nc3 a6 6. Bg5 e6 7. Be2 Be7 8. Qd2 h6 9. Be3 0-0 10. Nxc6 dxc6 11. 0-0-0 Qxd2+ 12. Rxd2 Bb4 13. f3 e5 14. Bb6 Bxc3 15. bxc3 Be6 16. Kb2 Nd7 17. Bc7 Rac8 18. Bd6 Rfe8 19. f4 exf4 20. Bxf4 Nb6 21. Rd3 Bc4 22. Re3 Na4+ 23. Ka3 Bxe2 24. Re1 Bb5 25. c4 Bxc4 26. Kxa4 Bxa2 27. Rg3 Kh7 28. Ka5 Rcd8 29. Kb6 Rd7 30. Rge3 Re6 31. Bc7 Ree7 32. Bg3 Re6 33. Bc7 1/2-1/2

[Event "BRA-ch North-Northeast U1800"]
[Site "Fortaleza"]
[Date "2019.04.28"]
[Round "6.11"]
[White "De Aguiar, Andre Wescley"]
[Black "Gomes, Genildo de Souza"]
[Result "1-0"]
[WhiteElo "1524"]
[BlackElo "1628"]
[PlyCount "119"]
[EventDate "2019.04.26"]
[EventType "swiss"]
[EventRounds "6"]
[EventCountry "BRA"]
[SourceTitle "EXT 2022"]
[Source "ChessBase"]
[SourceDate "2021.10.06"]
[SourceVersion "1"]
[SourceVersionDate "2021.10.06"]
[SourceQuality "1"]

1. d4 e6 2. c4 d5 3. Nf3 Nf6 4. g3 Bd7 5. Bg2 dxc4 6. Ne5 c6 7. Nxc4 Na6 8. 0-0 Be7 9. Bf4 0-0 10. Nbd2 Nd5 11. Bd6 b5 12. Bxe7 Qxe7 13. Ne5 f6 14. Nxd7 Qxd7 15. a3 Rad8 16. Rc1 e5 17. dxe5 fxe5 18. Qb3 Kh8 19. Rfd1 Qf7 20. Qf3 Qe6 21. Qb3 Qf7 22. f3 Nb8 23. e4 Ne7 24. Qxf7 Rxf7 25. Nb3 Rdf8 26. Rd2 Na6 27. Rcd1 Nc8 28. Rd7 Rxd7 29. Rxd7 c5 30. Rd5 c4 31. Na5 b4 32. Nxc4 Re8 33. Bh3 Nb6 34. Nxb6 axb6 35. axb4 Nxb4 36. Rb5 Nc2 37. Rxb6 Nd4 38. Kf2 Rd8 39. Rb7 g6 40. Rc7 Nb3 41. Rc8 Rxc8 42. Bxc8 Nc5 43. Ke3 Kg7 44. b4 Na4 45. f4 Kf6 46. Bd7 Nb6 47. Bc6 h6 48. b5 g5 49. fxg5+ hxg5 50. h3 Ke6 51. Kf3 Kf6 52. Kg4 Nc4 53. h4 gxh4 54. gxh4 Kg6 55. Bd5 Nb6 56. h5+ Kh6 57. Kf5 Kxh5 58. Kxe5 Kg6 59. Kd6 Na4 60. Kc6 1-0

[Event "BRA-ch North-Northeast U1800"]
[Site "Fortaleza"]
[Date "2019.04.27"]
[Round "3.11"]
[White "De Aguiar, Andre Wescley"]
[Black "De Lima, Nilo Fernandes"]
[Result "1/2-1/2"]
[WhiteElo "1524"]
[BlackElo "1645"]
[PlyCount "51"]
[EventDate "2019.04.26"]
[EventType "swiss"]
[EventRounds "6"]
[EventCountry "BRA"]
[SourceTitle "EXT 2022"]
[Source "ChessBase"]
[SourceDate "2021.10.06"]
[SourceVersion "1"]
[SourceVersionDate "2021.10.06"]
[SourceQuality "1"]

1. d4 Nf6 2. c4 e6 3. Nf3 d5 4. g3 dxc4 5. Qc2 Nbd7 6. Bg2 a6 7. a4 c5 8. 0-0 Qc7 9. Bf4 Bd6 10. Bxd6 Qxd6 11. Qxc4 0-0 12. Nc3 Rb8 13. dxc5 Qxc5 14. Qxc5 Nxc5 15. b4 Ncd7 16. Rfd1 b6 17. Rd4 Bb7 18. Nd2 Bxg2 19. Kxg2 Rfd8 20. Nde4 Nxe4 21. Nxe4 Ne5 22. Rad1 Nc6 23. Rxd8+ Rxd8 24. Rxd8+ Nxd8 25. b5 axb5 26. axb5 1/2-1/2

[Event "BRA-ch North-Northeast U1800"]
[Site "Fortaleza"]
[Date "2019.04.27"]
[Round "4.12"]
[White "De Aguiar, Andre Wescley"]
[Black "Teramoto, Anderson"]
[Result "0-1"]
[WhiteElo "1524"]
[BlackElo "1667"]
[PlyCount "125"]
[EventDate "2019.04.26"]
[EventType "swiss"]
[EventRounds "6"]
[EventCountry "BRA"]
[SourceTitle "EXT 2022"]
[Source "ChessBase"]
[SourceDate "2021.10.06"]
[SourceVersion "1"]
[SourceVersionDate "2021.10.06"]
[SourceQuality "1"]

1. d4 Nf6 2. c4 g6 3. Nc3 Bg7 4. Nf3 d6 5. Bg5 0-0 6. e3 h6 7. Bxf6 Bxf6 8. Be2 Bf5 9. e4 Bd7 10. 0-0 Nc6 11. d5 Ne5 12. Qc2 c6 13. Rab1 Rc8 14. Nxe5 Bxe5 15. Qb3 Rc7 16. Rfd1 Qc8 17. Bf1 Kh7 18. Rbc1 f5 19. Bd3 Bf4 20. Rc2 fxe4 21. Bxe4 Bf5 22. Bxf5 Qxf5 23. dxc6 bxc6 24. Ne2 Be5 25. Qe3 Qxc2 26. Rd2 Qf5 27. Ng3 Bxg3 28. hxg3 Qb1+ 29. Kh2 Qxa2 30. Rd4 Qxb2 31. Rf4 Rxf4 32. Qxf4 Qf6 33. Qe3 e5 34. f3 d5 35. cxd5 cxd5 36. Qb3 Qf7 37. Qe3 Re7 38. Qc5 e4 39. fxe4 dxe4 40. Qe3 Qf5 41. Kg1 Rd7 42. Kh2 a5 43. Qa3 h5 44. Qe3 Re7 45. Qa3 Qe5 46. Qe3 a4 47. Kh3 g5 48. Qe2 g4+ 49. Kh2 e3 50. Qc2+ Qe4 51. Qc5 Kh6 52. Qd6+ Qe6 53. Qf4+ Kg6 54. Qxa4 e2 55. Qc2+ Kg7 56. Qc3+ Kf7 57. Qe1 Kg6 58. Qb1+ Kh6 59. Qc1+ Kg7 60. Qe1 h4 61. gxh4 Qe4 62. g3 Rf7 63. Qxe2 0-1